Antigua and Barbuda Parish and Dependency by Picture Quiz - Statistics

General Stats
  • This quiz has been taken 3 times
  • The average score is 4 of 8
Answer Stats
Picture Answer % Correct
Saint George
100%
Saint John
100%
Barbuda
50%
Saint Mary
50%
Saint Paul
50%
Saint Peter
50%
Redona
0%
Saint Phillips
0%
No matching quizzes found
Score Distribution
Percent of People with Each Score
Percentile by Number Answered
Your Score History
You have not taken this quiz